000 00479nam a2200181Ia 4500
008 240925s9999 xx 000 0 und d
020 _a8120321758
082 _a004.6TAN
100 _aTanenbaum, Andrew .S
245 0 _aComputer Networks
250 _a4th
260 _aNew Delhi:
_bPrentice Hall
_c,2003.
300 _a796p.
_bNA
_fPirated
500 _aIncludes Index
600 _aComputer Science
650 _aComputer science, information & general works
942 _cBK
999 _c8596
_d8596